00802nam a22002175i 4500001000700000003000900007005001700016008004100033020001800074080002600092080003000118100002300148245012500171250001200296260007800308300004500386600002300431651007400454700003400528852002200562178518ES-MaACL20230906220541.0110606s2004 sp |||| | spa d a84-7926-444-6 a929 Mendoza, Florisel a94(460)"1931/1939"(093.3)1 aMendoza, Florisel.10aFlorisel Mendoza b: Memorias : con los parias de la tierra / cedición e introducción, Félix Rodríguez Mendoza. a1ª ed. a[Santa Cruz de Tenerife] : bCentro de la Cultura Popular Canaria,c2004. a123, [10] p. : bil. bl. y n. ; c21 cm.14aMendoza, Florisel. 4aEspaña-xHistoria-y1931-1939, II República-vRelatos personales.1 aRodríguez Mendoza, Félix. aES-MaACLjE-15271